NBA All-Time Leader for every Statistic - Statistics

General Stats
  • This quiz has been taken 15 times
  • The average score is 16 of 18
Answer Stats
Stat Amount Player % Correct
Championships 11 Bill Russell
100%
Blocks 3,830 Hakeem Olajuwon
100%
Assists 15,806 John Stockton
100%
Steals 3,265 John Stockton
100%
MVPs 6 Kareem Abdul-Jabbar
100%
Points 43,440 LeBron James
100%
Field Goals Made 15,961 LeBron James
100%
Games Played 1,622 LeBron James
100%
Minutes Played 61,030 LeBron James
100%
Finals MVPs 6 Michael Jordan
100%
3 Point Field Goals Made 4,248 Stephen Curry
100%
Seasons Played 23 LeBron James
93%
Turnovers 5,650 LeBron James
93%
Rebounds 23,924 Wilt Chamberlain
87%
Wins 1,074 Kareem Abdul-Jabbar
67%
DPOY's 4 Rudy Gobert, Dikembe Mutombo, Ben Wallace
67%
Fouls 4,657 Kareem Abdul-Jabbar
47%
Free Throws Made 9,787 Karl Malone
47%
No matching quizzes found
Score Distribution
Percent of People with Each Score
Percentile by Number Answered
Your Score History
You have not taken this quiz